Maat, jotka ovat lähinnä Kosovoa - Minuutin sprintti - Statistics

Yleistilastot
  • Tätä visaa on pelattu 20 kertaa
  • Keskiarvotulos 13 / 20
Vastaustilastot
km maa % Oikein
0 Montenegro
94%
0 Albania
89%
54 Bulgaria
89%
114 Kreikka
89%
128 Kroatia
89%
0 Pohjois-Makedonia
89%
0 Serbia
89%
601 Moldova
83%
96 Bosnia ja Hertsegovina
78%
156 Romania
78%
478 Slovenia
72%
253 Italia
61%
389 Turkki
61%
527 Slovakia
56%
547 Ukraina
56%
318 Unkari
56%
525 Itävalta
28%
622 San Marino
28%
628 Vatikaanivaltio
28%
658 Puola
22%
Ehtoja vastaavia visoja ei löytynyt
Tulosjakauma
Jokaisen tuloksen saaneiden osuus
Persentiili vastausten määrän mukaan
Tuloshistoriasi
Et ole pelannut tätä visaa